000 00632cam a2200205 a 4500
001 15803309
005 20170929102157.0
008 090706s2009 nyu 000 0 eng
020 _a9780307587466
040 _cPK-LaUMT
082 0 0 _a610
_222
_bSOM-K
100 1 _aSomers, Suzanne
245 1 0 _aKnockout :
_binterviews with doctors who are curing cancer-and how to prevent getting it in the first place /
_cSuzanne Somers
260 _aNew York :
_bCrown Publishers,
_c2009
300 _axx, 329 p. ;
_c25 cm.
650 0 _aCancer
_xAlternative treatment
650 0 _aCancer
_xTreatment
650 0 _aPhysicians
942 _cBK
999 _c98642
_d98642